Movies Quiz

Random Movies or Decade Quiz
Score 0/20 Timer 05:00
2 Plays Today
Quote Movie % Correct
To infinity... and beyond!Toy Story
87.5%
Houston, we have a problem.Apollo 13
84.8%
I see dead people.The Sixth Sense
83.2%
I'm the king of the world!Titanic
83%
Hasta la vista, baby.Terminator 2: Judgment Day
73.6%
There's no crying in baseball.A League of Their Own
72.9%
You can't handle the truth!A Few Good Men
72.5%
Show me the money.Jerry Maguire
72.4%
The Dude abides.The Big Lebowski
68.6%
They call it a Royale with cheese.Pulp Fiction
65.9%
Quote Movie % Correct
I believe you have my stapler. Office Space
62.9%
Look what you did, you little jerk.Home Alone
60%
You're killing me, Smalls.The Sandlot
56.1%
Yeah baby, yeah!Austin Powers: International Man of Mystery
54.9%
Clever girl.Jurassic Park
47.5%
Welcome to earth!Independence Day
46.2%
No son of mine is gonna play any foos-ball.The Waterboy
43.7%
Big mistake. Big. Huge.Pretty Woman
42.8%
Get busy livin' or get busy dyin'.The Shawshank Redemption
42.4%
Bangarang, Peter!Hook
39.6%
Remove Ads.
Support Sporcle.
Get the best of Sporcle when you Go Orange. This ad-free experience offers more features, more stats, and more fun while also helping to support Sporcle. Thank you for becoming a member.

You're not logged in!

Compare scores with friends on all Sporcle quizzes.
OR
Log In

Show Comments

Extras

Top Quizzes Today


Score Distribution

Your Account Isn't Verified!

In order to create a playlist on Sporcle, you need to verify the email address you used during registration. Go to your Sporcle Settings to finish the process.

Report this User

Report this user for behavior that violates our Community Guidelines.

Details: